Logo BPK

Biblioteka

Politechniki Koszalińskiej

Ödön von Horvath als Kritiker seiner Zeit : (Rekord nr 49933)

Szczegóły MARC
000 -ETYKIETA REKORDU
podpole kontrolne o stałej długości 00620nam a2200193 i 4500
001 - NUMER KONTROLNY REKORDU
pole kontrolne bgj
040 ## - ŹRÓDŁO KATALOGOWANIA
Instytucja, która utworzyła rekord BPK
041 0# - KOD JĘZYKA
Kod języka tekstu ger
080 ## - UNIWERSALNA KLASYFIKACJA DZIESIĘTNA - UKD
UKD 821.112.2
008 - POLE O STAŁEJ DŁUGOŚCI - DANE KONTROLNE
podpole kontrolne o stałej długości s gw f |000 0 ger
100 1# - NAZWA OSOBOWA
Nazwa osobowa FRITZ, Axel.
245 10 - TYTUŁ/ODPOWIEDZIALNOŚĆ
Tytuł Ödön von Horvath als Kritiker seiner Zeit :
Ciąg dalszy tytułu Studien zum Werk in seinem Verhältnis zum politischen, sozialen und kulturellen Zeitgeschehen.
Pozostałe elementy strefy tytułu i oznaczenia odpowiedzialności Axel Fritz.
Oznaczenie części/sekcji dzieła T. 1 /
260 ## - STREFA ADRESU WYDAWNICZEGO
Miejsce wydania Stockholm,
Data publikacji, dystrybucji/powstania dokumentu 1971.
300 ## - STREFA OPISU FIZYCZNEGO
Objętość K. X, 152 ;
Rozmiary 30 cm.
490 1# - STREFA SERII I DOKUMENTU WIELOCZĘŚCIOWEGO - FORMA NIE DO WYSZUKIWANIA
Tytuł i oznaczenie odpowiedzialności serii Germanistische Dissertationem
Numeracja w obrębie serii 2
650 9# - HASŁO PRZEDMIOTOWE W FORMIE NAZWY OGÓLNEJ LUB JEDNOSTKOWEJ
Nazwa ogólna lub geograficzna Literatura niemiecka
830 ## - HASŁO DODATKOWE SERII LUB DOKUMENTU WIELOCZĘŚCIOWEGO - TYTUŁ UJEDNOLICONY
Tytuł ujednolicony Germanistische Dissertationem
856 ## - LOKALIZACJA I DOSTĘP DO ELEKTRONICZNYCH DOKUMENTÓW ZDALNYCH
Link (URL) http://koha.tu.koszalin.pl/cgi-bin/koha/opac-detail.pl?biblionumber=49933
Tekst linku Katalog online BPK
942 ## - DODATKOWE ELEMENTY (KOHA)
Typ dokumentu Książka
Egzemplarze
Wycofany Status egzemplarza Uszkodzony Dostępność Lokalizacja stała Lokalizacja bieżąca Miejsce przechowywania Sygnatura Kod kreskowy Typ dokumentu
      Tylko na miejscu Biblioteka Politechniki Koszalińskiej Biblioteka Politechniki Koszalińskiej Czytelnia Wydziałowa ul. Kwiatkowskiego 6e S 2552 02438856 Książka
© 2023 Biblioteka Politechniki Koszalińskiej :: KOHA